Historia de la vida del buscón llamado don Pablos
Gardado en:
| Autor Principal: | |
|---|---|
| Formato: | Libro |
| Idioma: | Undetermined |
| Publicado: |
Buenos Aires, Argentina
Sopena
1938
|
| Materias: | |
| Etiquetas: |
Engadir etiqueta
Sen Etiquetas, Sexa o primeiro en etiquetar este rexistro!
|
MARC
| LEADER | 00000nam a2200000Ia 4500 | ||
|---|---|---|---|
| 008 | 170316s9999 xx 000 0 und d | ||
| 040 | |a cru BVZT | ||
| 090 | |a 862 Q-2h | ||
| 100 | |a Quevedo y Villegas, Francisco de | ||
| 245 | |a Historia de la vida del buscón llamado don Pablos | ||
| 260 | |a Buenos Aires, Argentina |b Sopena |c 1938 | ||
| 300 | |a 189 páginas | ||
| 650 | |a LITERATURA ESPAÑOLA | ||
| 999 | |c 10315 |d 10315 | ||
| 942 | |c 15 D |h 862 Q-2h |2 z | ||
